Business process modelling, simulation, and design

Uloženo v:
Podrobná bibliografie
Hlavní autoři: Laguna, Manuel (Autor), Marklund, Johan (Autor)
Médium: Kniha
Jazyk:angličtina
Vydáno: Upper Saddle River Pearson Education 2005
Vydání:1a. ed
Témata:
Tagy: Přidat tag
Žádné tagy, Buďte první, kdo vytvoří štítek k tomuto záznamu!

MARC

LEADER 00000nam a2200000 a 4500
001 UCK2537
003 CL-VaPUC
008 050120e20050000us |||||||||||||||||eng|d
020 |a 013091519X 
082 0 4 |a 658.40352  |b LAG  |2 21 
100 0 |a Laguna, Manuel  |e author  |9 490459 
700 0 |a Marklund, Johan  |e author  |9 490460 
245 1 0 |a Business process modelling, simulation, and design 
250 |a 1a. ed 
300 |a 429 p 
942 |c BK 
945 |d 20050120 00:00:00  |a cmena 
260 |a Upper Saddle River  |b Pearson Education  |c 2005 
500 |a Incluye Cd-Rom 
650 0 |a Administración de empresas   |9 260833 
650 0 |a Modelos matemáticos   |9 259437 
650 0 |a Planificación estratégica   |9 259735 
999 |c 312049  |d 312047 
583 |k Rodrigo Vera 
952 |0 0  |1 0  |4 0  |6 658_403520000000000_LAG_2005  |7 0  |8 A  |9 381845  |a BIBING  |b BIBING  |d 2019-11-21  |i 4093488  |o 658.40352 LAG 2005  |p 4093488  |r 2025-01-20  |w 2019-11-21  |y BK  |k EII 
952 |0 0  |1 0  |4 0  |6 658_403520000000000_LAG_2005  |7 0  |8 A  |9 381846  |a BIBING  |b BIBING  |d 2019-11-21  |i 4093496  |o 658.40352 LAG 2005  |p 4093496  |r 2025-01-20  |w 2019-11-21  |y BK  |k EII